Slovensko v EÚ 2017 poľnohospodárstvo

Na minha lista:
Detalhes bibliográficos
Formato: Livro
Idioma:eslovaco
inglês
Publicado em: Bratislava Štatistický úrad Slovenskej republiky 2017
Assuntos:
Tags: Adicionar Tag
Sem tags, seja o primeiro a adicionar uma tag!

MARC

LEADER 00000nlm a2200000 4500
001 0234217
005 20251210075757.3
020 |a 978-80-8121-553-7 
041 0 |a slo 
041 0 |a eng 
044 |a SK 
245 1 0 |a Slovensko v EÚ 2017  |b poľnohospodárstvo 
264 1 |a Bratislava  |b Štatistický úrad Slovenskej republiky  |c 2017 
300 |a 39 s. 
500 |a Zdroj dokumentu: Štatistický úrad SR 
610 2 0 |a Slovensko 
610 2 0 |a Európska únia 
610 2 0 |a poľnohospodárstvo 
610 2 0 |a poľnohospodárstvo ekologické 
610 2 0 |a hnojivá 
610 2 0 |a ceny 
610 2 0 |a tržby